| 000 | 01355 a2200217 4500 | ||
|---|---|---|---|
| 003 | Nust | ||
| 005 | 20220816102613.0 | ||
| 010 | _a 2001086961 | ||
| 020 | _a0761534105 | ||
| 040 | _cNust | ||
| 082 | 0 | 0 | _a005.133,HAR |
| 100 | 1 |
_aHarris, Andrew, _997379 |
|
| 245 | 1 | 0 |
_aJavaScript programming for the absolute beginner : the fun way to learn programming / _cAndy Harris. |
| 260 |
_aRoseville, CA : _bPrima Tech, _c2001. |
||
| 300 |
_axv, 347 p. : _bill. ; _c24 cm. + _e1 CD-ROM (4 3/4 in.). |
||
| 490 | 1 | _aFor the absolute beginner | |
| 505 | _aVariables, Input, and Output (Page-1), The Fortune Teller: Random Numbers and the if Statement (Page-21), The Number Guesser: for and while Loops (Page-45), The Basic Mad Lib Program and Object-Based Programming (Page-63), Advanced Mad Lib: Using the Other Form Elements (Page-89), Petals around the Rose: Dynamic Output (Page-115), Image Swapping and Lookup Tables: The Basketball Game (Page-139), Dynamic HTML: The Stealth Submarine (Page-171), Sprite Animation: The Race (Page-203), Using Other gameLib Features:The Dogfight Game (Page-235), Cookies and the Mouse: The Jigsaw Puzzle (Page-261), The Game Creation Process: The Brick Game (Page-289). | ||
| 650 | 0 |
_aJavaScript (Computer program language) _93349 |
|
| 830 | 0 |
_aFor the absolute beginner (Series) _997380 |
|
| 942 |
_2ddc _cBK _k005.133,HAR |
||
| 999 |
_c179272 _d179272 |
||